Ekvivalentnosť teksta-istočnika i jego perevoda

Ekvivalencia východiskového textu s prekladom. Problematika prekladu textu. Forma, obsah, význam a funkcia východiskového textu a prekladu.

Gespeichert in:
Bibliographische Detailangaben
1. Verfasser: Seresová, Katarína, 1967-
Format: Buchkapitel
Sprache:Russisch
Schlagworte:
Tags: Tag hinzufügen
Keine Tags, Fügen Sie das erste Tag hinzu!

MARC

LEADER 00000naa$a2200000$$$4500
001 0206637
005 20240502083516.7
041 0 |a rus 
044 |a RU 
245 1 0 |a Ekvivalentnosť teksta-istočnika i jego perevoda  |c Katarína Seresová 
520 |a Ekvivalencia východiskového textu s prekladom. Problematika prekladu textu. Forma, obsah, význam a funkcia východiskového textu a prekladu. 
610 2 0 |a jazyky cudzie 
610 2 0 |a ruština 
610 2 0 |a prekladatelia 
610 2 0 |a preklady 
100 1 |a Seresová, Katarína, 1967-